00431nam a2200181Ia 4500003000400000005001700004008004000021020001800061040000700079041001200086082001600098100002400114245002900138250000700167260003800174300000900212650002800221OSt20231212122045.0210210b2006 xxu||||| |||| 00| 0 eng d a81 890 0407 7 cAL aEnglish a032.02 MANO aMANORAMA YEAR BOOK. aManorama year book 2006. a41 aKottayambMalayala Manoramac2006 a1007 aManorama Year Book 2006